All countries ever colonized by France - Statistics

General Stats
  • This quiz has been taken 82 times
  • The average score is 16 of 27
Answer Stats
Answer % Correct
Algeria
86%
Morocco
80%
Mali
76%
Chad
73%
Guinea
73%
Ivory Coast
73%
Mauritania
73%
Niger
72%
Vietnam
69%
Benin
68%
Cambodia
66%
Laos
66%
Tunisia
66%
USA(part)
66%
Cameroon
65%
Senegal
65%
Burkina Faso
64%
Togo
59%
Haiti
58%
Madagascar
58%
Gabon
57%
Djibouti
46%
Dominica
27%
Antigua and Barbuda
26%
Saint Lucia
24%
Saint Vincent
24%
Grenada
20%
No matching quizzes found
Score Distribution
Percent of People with Each Score
Percentile by Number Answered
Your Score History
You have not taken this quiz